banner-ar

استبقاء افضل موظفيك / (Record no. 60975)

MARC details
000 -الفاتح
حقل البيانات ثابتة الطول 01170nam a22003017a 4500
005 - وقت وتاريخ اخر تعامل مع التسجيلة
رقم الضبط 20240530110437.0
008 - عناصر البيانات ثابتة الطول - معلومات عامة
حقل البيانات ثابتة الطول 150326s2011 su g 000 0 ara d
017 ## - رقم الايداع القانونى
رقم الايداع القانونى 1431/8972
المصدر ( الهيئة المختصة) السعودية . مكتبة الملك فهد
020 ## - الرقم الدولى المعيارى للكتب
الرقم الدولى المعيارى للكتاب 1044503603978
020 ## - الرقم الدولى المعيارى للكتب
الرقم الدولى المعيارى للكتاب 9786035030441
040 ## - مصدر الفهرسة
وكالة الفهرسة الأصلية EG-CaGPL
082 04 - رقم تصنيف ديوى العشرى
رقم الطبعة 21
رقم التصنيف 658.314\
رقم المادة م إ
245 00 - بيان العنوان
العنوان استبقاء افضل موظفيك /
بقية العنوان مجموعة مؤلفين ؛ نقله الى العربية ايهم الصباغ
250 ## - بيان الطبعة
بيان الطبعة الاولى
260 ## - PUBLICATION, DISTRIBUTION, ETC. (IMPRINT)
تاريخ النشر أو التوزيع 2011 .
300 ## - الوصف المادى
التعداد 192 ص ؛
أبعاد الوعاء 22 سم
490 0# - بيان السلسلة
عنوان السلسلة سلسلة القيادى الناجح : دليل اغتنام الوقت
650 04 - المدخل الاضافى بالموضوع-مصطلح موضوعى
مصطلح موضوعي الموظفون
650 04 - المدخل الاضافى بالموضوع-مصطلح موضوعى
مصطلح موضوعي التنمية البشرية
650 04 - المدخل الاضافى بالموضوع-مصطلح موضوعى
مصطلح موضوعي الموظفون والمستخدمون
التقسيم الفرعي العام تنظيم وادارة
650 04 - المدخل الاضافى بالموضوع-مصطلح موضوعى
مصطلح موضوعي الموظفون
التقسيم الفرعي العام التمثيل فى الادارة
650 04 - المدخل الاضافى بالموضوع-مصطلح موضوعى
مصطلح موضوعي الموظفون
التقسيم الفرعي العام اختيار
650 04 - المدخل الاضافى بالموضوع-مصطلح موضوعى
مصطلح موضوعي تقييم الوظاف
700 0# - المدخل الاضافى - اسم شخصى
الإسم الشخصى مجموعة مؤلفين
700 0# - المدخل الاضافى - اسم شخصى
الإسم الشخصى ايهم الصباغ
942 ## - عناصر المدخل الإضافي( كوها)
مصدر التصنيف او مخطط الترفيف Dewey Decimal Classification
Koha [default] item type كتاب
260 ## - PUBLICATION, DISTRIBUTION, ETC. (IMPRINT)
-- الرياض :
-- العبيكان للنشر ،
Holdings
حالة التراجع حالة الفقد حالة تلف ليس للاعارة المكان المؤقت الموقع الحالى تاريخ الاكتساب اجمالي اﻻعارات رقم الطلب الباركود تاريخ اخر مشاهدة تاريخ تفعيل السعر نوع وعاء كوها
        مكتبة القاهرة الكبرى مكتبة القاهرة الكبرى 04/14/2015   658.314\ م إ 160171 04/14/2015 04/14/2015 كتاب

Powered By

EGPV